Flags Chain on a World Map #2 - Statistics

General Stats
  • This quiz has been taken 42,040 times
  • The average score is 6 of 10
Answers on the Map
Answers color-coded by a green-red scale on the quiz's map according to % correct below.
 
Answer Stats
Answer % Correct
France
100%
China
85%
New Zealand
81%
Belgium
74%
Tunisia
62%
Kazakhstan
57%
Botswana
48%
Suriname
39%
Mauritania
32%
Saint Kitts and Nevis
24%
No matching quizzes found
Score Distribution
Percent of People with Each Score
Percentile by Number Answered
Your Score History
You have not taken this quiz